| 000 | 00372nam a22000977a 4500 | ||
|---|---|---|---|
| 008 | 150825b xxu||||| |||| 00| 0 eng d | ||
| 082 | _a330 BRU | ||
| 100 | _aBRUCE COLIN. | ||
| 245 |
_aSOCIAL COST-BENEFIT ANALYSIS _bA GUIDE FOR COUNTRY AND PROJECT ECONOMICS TO THE DERIAVTION AND APPLICATION OF ECONOMIC AND SOCIAL ACCOUNTING PRICES |
||
| 260 |
_aWASHINGTON _bTHE WORLD BANK _c1976 |
||
| 999 |
_c892 _d892 |
||